Don Antonio Francisco de Castro, poeta prerromántico (1746-1825) : (Record no. 189019)

MARC details
000 -LEADER
campo de control de longitud fija 00884nam a2200193 i 4500
001 - NÚMERO DE CONTROL
campo de control 189019
003 - IDENTIFICADOR DE NÚMERO DE CONTROL
campo de control ES-MaACL
005 - FECHA Y HORA DE LA ÚLTIMA TRANSACCIÓN
campo de control 20231228062705.0
008 - DATOS DE LONGITUD FIJA--INFORMACIÓN GENERAL
campo de control de longitud fija 190321s1949 sp |||| | spa d
100 1# - ENTRADA PRINCIPAL--NOMBRE DE PERSONA
Nombre de persona Sánchez Cantón, Francisco Javier,
Fechas asociadas al nombre 1891-1971
9 (RLIN) 102521
245 10 - MENCIÓN DEL TÍTULO
Título Don Antonio Francisco de Castro, poeta prerromántico (1746-1825) :
Resto del título discurso leído ante la Real Academia Española el día 4 de diciembre de 1949 en su recepción pública... y contestación del Excmo. Sr. D. Gregorio Marañón y Posadillo.
260 ## - PUBLICACIÓN, DISTRIBUCIÓN, ETC.
Lugar de publicación, distribución, etc. Madrid :
Nombre del editor, distribuidor, etc. [s.n.],
Fecha de publicación, distribución, etc. 1949 (
Fabricante C. Bermejo, imp)
300 ## - DESCRIPCIÓN FÍSICA
Extensión 128 p. ;
Dimensiones 24 cm.
600 14 - PUNTO DE ACCESO ADICIONAL DE MATERIA--NOMBRE DE PERSONA
Nombre de persona Castro, Francisco Antonio de-
Subdivisión general Crítica e interpretación.
9 (RLIN) 166634
700 1# - ENTRADA AGREGADA--NOMBRE PERSONAL
Nombre de persona Marañón, Gregorio,
Fechas asociadas al nombre 1887-1960
9 (RLIN) 76311
710 2# - ENTRADA AGREGADA--NOMBRE DE ENTIDAD CORPORATIVA
Nombre de entidad corporativa o nombre de jurisdicción como elemento de entrada Real Academia Española
9 (RLIN) 6336
852 4# - LOCALIZACIÓN
Ubicación ES-MaACL
Número de control de estantería K-157-11
Nota libre - Enc. en un vol. facticio
Holdings
Estatus retirado Estado de pérdida Estado de daño No para préstamo Biblioteca de origen Biblioteca actual Ubicación en estantería Fecha de adquisición Fuente de adquisición Total de préstamos Signatura topográfica completa Código de barras Visto por última vez Precio de reemplazo Tipo de ítem Koha
        Biblioteca del Ateneo de Madrid Biblioteca del Ateneo de Madrid Administración 21/03/2019     K-157-11 1200187 23/02/2023 23/02/2023 Libro impreso